Дело жизни: повести и рассказы

Dettagli Bibliografici
Autore principale: Убогий Ю. В. Юрий Васильевич
Riassunto:Исключено из фонда НТБ ТПУ
Lingua:russo
Pubblicazione: Москва, Современник, 1979
Serie:Русское поле
Молодая проза Нечерноземья
Natura: MixedMaterials Libro
KOHA link:https://koha.lib.tpu.ru/cgi-bin/koha/opac-detail.pl?biblionumber=151023

MARC

LEADER 00000nam0a2200000 4500
001 151023
005 20231031150345.0
035 |a (RuTPU)RU\TPU\book\163753 
090 |a 151023 
100 |a 20090116d1979 m y0rusy50 ca 
101 0 |a rus 
102 |a RU 
105 |a a z 000ay 
200 1 |a Дело жизни  |e повести и рассказы  |f Ю. В. Убогий 
210 |a Москва  |c Современник  |d 1979 
215 |a 269 с., 1 л. портр.  |c ил. 
225 1 |a Русское поле 
225 1 |a Молодая проза Нечерноземья 
333 |a Исключено из фонда НТБ ТПУ 
700 1 |a Убогий  |b Ю. В.  |g Юрий Васильевич 
801 1 |a RU  |b 63413507  |c 20090116  |g PSBO 
801 2 |a RU  |b 63413507  |c 20161110  |g PSBO 
942 |c BK